000 00955nam a2200265 a 4500
001 000020877
005 20240514073717.0
008 100818s1977 mx 000 0 spa d
040 _aDO-SdBNP
_bspa
_cBNPHU
082 _a170
_bC568t, 1977
100 1 _aCicerón, Marco Tulio,
_d106 a. C.-43 a. C.
_943750
245 1 0 _aTratados morales /
_cCicerón y Séneca ; estudio preliminar por Francisco Nóvoa ; traducciones de Menendez y Pelayo, M. de Valbuena y Gallegos Roca Full.
250 _a10a ed.
260 _aMéxico :
_bCumbre,
_c1977.
300 _axxix, 1-474 p. ;
_c21 cm.
490 1 _aLos clásicos
650 0 _aÉtica
_9509
700 1 _aSéneca, Lucio Anneo,
_943751
700 1 _aNovoa, Francisco,
_etr.
_943752
700 1 _aMenéndez y Pelayo, Marcelino,
_etr.
_d1856-1912
_93901
700 1 _aValbuena, Manuel de,
_etr.
_941479
700 1 _aGallegos Rocafull, José M.,
_etr.
_943753
830 0 _aLos clásicos
_943697
049 _aBNGR
999 _c20380
_d20380